000 00513cam a2200145 4500500
005 20260405003224.0
041 _afre
042 _adc
100 1 0 _aValadier, Paul
_eauthor
245 0 0 _aJürgen Habermas, Une époque de transitions . Ecrits politiques, 1998-2003. Fayard, 2005, 408 pages, 20 €
260 _c2005.
500 _a10
786 0 _nÉtudes | 403 | 7 | 2005-07-01 | p. XVII-XVII | 0014-1941
856 4 1 _uhttps://shs.cairn.info/revue-etudes-2005-7-page-XVII?lang=fr&redirect-ssocas=7080
999 _c2065494
_d2065494